000 00890nam a22002177a 4500
999 _c5853
_d5853
003 AR-CdUCM
008 190313b ||||| |||| 00| 0 spa d
040 _aMUNICIPALIDAD PROVINCIAL DEL CUSCO
_cBIBLIOTECA MUNICIPAL DEL CUSCO
082 _a498.50 /
_bC97
100 _aCvitanovic, Dinko
_917303
245 _aLa idea del cuerpo en las letras españolas :
_bSiglo XIII a XVII /
260 _aBahía blanca :
_bCuadernos del sur,
_c1973.
300 _a211 paginas ;
_c23 cm.
500 _aDonación de la familia Nieto
505 _a contenido : Dinko Cvitavinovic : De la "disputa" medieval al "pleito" calderoniano -- Mario Merlino : Función y relaciones del cuerpo en la "disciplina "clericalis" ...
650 _aLingüística Argentina
_917304
650 _aLingüística latinoamericana
_917305
650 _aLingüística americana
_917306
942 _2ddc
_cLIBROS
945 _arah